<?xml version="1.0" encoding="UTF-8"?>
<record
    xmlns:xsi="http://www.w3.org/2001/XMLSchema-instance"
    xsi:schemaLocation="http://www.loc.gov/MARC21/slim http://www.loc.gov/standards/marcxml/schema/MARC21slim.xsd"
    xmlns="http://www.loc.gov/MARC21/slim">

  <leader>04778cam a22003015a 4500</leader>
  <controlfield tag="001">16012440</controlfield>
  <controlfield tag="005">20151129153100.0</controlfield>
  <controlfield tag="008">091208s2010    enka   frb   f001 0 eng d</controlfield>
  <datafield tag="020" ind1=" " ind2=" ">
    <subfield code="a">9780195368819 (pbk. : alk. paper)</subfield>
  </datafield>
  <datafield tag="020" ind1=" " ind2=" ">
    <subfield code="a">0195368819 (pbk. : alk. paper)</subfield>
  </datafield>
  <datafield tag="040" ind1=" " ind2=" ">
    <subfield code="a">DLC</subfield>
    <subfield code="c">DLC</subfield>
    <subfield code="d">BTCTA</subfield>
    <subfield code="d">YDXCP</subfield>
    <subfield code="d">UKM</subfield>
    <subfield code="d">C#P</subfield>
    <subfield code="d">BWX</subfield>
    <subfield code="d">CDX</subfield>
    <subfield code="d">VVC</subfield>
    <subfield code="d">DLC</subfield>
    <subfield code="d">EG-ScBUE</subfield>
    <subfield code="b">eng</subfield>
  </datafield>
  <datafield tag="082" ind1="0" ind2="4">
    <subfield code="a">305.42</subfield>
    <subfield code="2">22</subfield>
    <subfield code="b">WOM</subfield>
  </datafield>
  <datafield tag="245" ind1="0" ind2="0">
    <subfield code="a">Women, gender, and politics :</subfield>
    <subfield code="b">a reader /</subfield>
    <subfield code="c">editors Mona Lena Krook and Sarah Childs.</subfield>
  </datafield>
  <datafield tag="260" ind1=" " ind2=" ">
    <subfield code="a">Oxford ;</subfield>
    <subfield code="a">New York :</subfield>
    <subfield code="b">Oxford University Press,</subfield>
    <subfield code="c">2010.</subfield>
  </datafield>
  <datafield tag="300" ind1=" " ind2=" ">
    <subfield code="a">xi, 360 p. :</subfield>
    <subfield code="b">ill. ;</subfield>
    <subfield code="c">26 cm.</subfield>
  </datafield>
  <datafield tag="500" ind1=" " ind2=" ">
    <subfield code="a">Index : p. 351-360.</subfield>
  </datafield>
  <datafield tag="504" ind1=" " ind2=" ">
    <subfield code="a">Includes bibliographical references.</subfield>
  </datafield>
  <datafield tag="505" ind1="0" ind2=" ">
    <subfield code="a">Women, gender, and politics: an introduction / Mona Lena Krook and Sarah Childs -- Mobilization without emancipation? Women's interests, the state, and revolution in Nicaragua / Maxine Molyneux -- Beyond compare? Women's movements in comparative perspective / Karen Beckwith -- Women's movements and democratic transition in Chile, Brazil, East Germany, and Poland / Lisa Baldez -- Protest moves inside institutions / Mary Fainsod Katzenstein -- Do interest groups represent the disadvantaged? Advocacy at the intersections of race, class, and gender / Dara Z. Strolovitch -- Translating the global: effects of transnational organizing on local feminist discourses and practices in Latin America / Sonia E. Alvarez -- Cross-regional trends in female terrorism / Karla J. Cunningham -- The dynamics of gender and party / Joni Lovenduski -- Theorizing feminist strategy and party responsiveness / Lisa Young -- Building a base: women in local party politics / Jo Freeman -- Women's political representation in Sweden: discursive politics and institutional presence / Diane Sainsbury -- The problem with patronage: constraints on women's political effectiveness in Uganda / Anne Marie Goetz -- Feminist political organization in Iceland: some reflections on the experience of Kwenna Frambothid / Lena Dominelli and Gudrun Jonsdottir -- The developmental theory of the gender gap: women's and men's voting behavior in global perspective / Ronald Inglehart and Pippa Norris -- Puzzles in political recruitment / Pippa Norris and Joni Lovenduski -- Entering the arena? Gender and the decision to run for office / Richard L. Fox and Jennifer L. Lawless -- Party elites and women candidates: the shape of bias / David Niven -- Women's representation in parliament: the role of political parties / Miki Caul -- Explaining women's legislative representation in Sub-Saharan Africa / Mi Yung Yoon -- Quotas as a 'fast track' to equal representation for women: why Scandinavia is no longer the model / Drude Dahlerup and Lenita Freidenvall -- Quotas for women / Anne Phillips -- Representation and social perspective / Iris Marion Young -- Should blacks represent blacks and women represent women? A contingent 'yes' / Jane Mansbridge -- Preferable descriptive representatives: will just any woman, black, or Latino do? / Suzanne Dovi -- From a small to a large minority: women in Scandinavian politics / Drude Dahlerup -- Beyond bodies: institutional sources of representation for women in democratic policymaking / S. Laurel Weldon -- Sex, gender, and leadership in the representation of women / Karin L. Tamerius -- Congressional enactments of race-gender: toward a theory of raced-gendered institutions / Mary Hawkesworth -- Taking problems apart / Carol Lee Bacchi -- Sex and the state in Latin America / Mala Htun -- Beyond the difference versus equality policy debate: postsuffrage feminism, citizenship, and the quest for a feminist welfare state / Wendy Sarvasy -- Is mainstreaming Transformative? Theorizing mainstreaming in the context of diversity and deliberation / Judith Squires -- The liberal state / Catharine A. MacKinnon -- Gender and the state: theories and debates / Johanna Kantola -- Gender in the welfare state / Ann Orloff -- Interacting with the state: feminist Strategies and political opportunities / Louise Chappell -- Introduction to comparative state feminism / Dorothy McBride Stetson and Amy G. Mazur -- State feminism or party feminism? Feminist politics and the Spanish Institute of Women / Monica Threlfall -- When power relocates: interactive changes in women's movements and states / Lee Ann Banaszak, Karen Beckwith, and Dieter Rucht.</subfield>
  </datafield>
  <datafield tag="650" ind1=" " ind2="0">
    <subfield code="a">Feminism</subfield>
    <subfield code="x">Political aspects</subfield>
    <subfield code="v">Cross-cultural studies.</subfield>
    <subfield code="2">BUEsh</subfield>
  </datafield>
  <datafield tag="650" ind1=" " ind2="0">
    <subfield code="a">Women's rights</subfield>
    <subfield code="v">Cross-cultural studies.</subfield>
    <subfield code="2">BUEsh</subfield>
  </datafield>
  <datafield tag="650" ind1=" " ind2="0">
    <subfield code="a">Women</subfield>
    <subfield code="x">Political activity</subfield>
    <subfield code="v">Cross-cultural studies.</subfield>
    <subfield code="2">BUEsh</subfield>
  </datafield>
  <datafield tag="651" ind1=" " ind2=" ">
    <subfield code="2">BUEsh</subfield>
  </datafield>
  <datafield tag="653" ind1=" " ind2=" ">
    <subfield code="b">BUSBOL</subfield>
    <subfield code="c">November2015</subfield>
  </datafield>
  <datafield tag="655" ind1=" " ind2=" ">
    <subfield code="v">Reading book</subfield>
    <subfield code="9">34232</subfield>
  </datafield>
  <datafield tag="700" ind1="1" ind2=" ">
    <subfield code="a">Krook, Mona Lena,</subfield>
    <subfield code="e">editor.</subfield>
    <subfield code="9">38803</subfield>
  </datafield>
  <datafield tag="700" ind1="1" ind2=" ">
    <subfield code="a">Childs, Sarah,</subfield>
    <subfield code="d">1969-</subfield>
    <subfield code="e">editor.</subfield>
  </datafield>
  <datafield tag="942" ind1=" " ind2=" ">
    <subfield code="2">ddc</subfield>
  </datafield>
  <datafield tag="999" ind1=" " ind2=" ">
    <subfield code="c">21092</subfield>
    <subfield code="d">21064</subfield>
  </datafield>
  <datafield tag="952" ind1=" " ind2=" ">
    <subfield code="0">0</subfield>
    <subfield code="1">0</subfield>
    <subfield code="2">ddc</subfield>
    <subfield code="4">0</subfield>
    <subfield code="7">0</subfield>
    <subfield code="8">Baccah</subfield>
    <subfield code="a">MAIN</subfield>
    <subfield code="b">MAIN</subfield>
    <subfield code="c">1ST</subfield>
    <subfield code="d">2015-11-29</subfield>
    <subfield code="e">Purchase</subfield>
    <subfield code="l">7</subfield>
    <subfield code="m">19</subfield>
    <subfield code="o">305.42 WOM</subfield>
    <subfield code="p">000031455</subfield>
    <subfield code="r">2025-07-15 00:00:00</subfield>
    <subfield code="s">2022-04-12</subfield>
    <subfield code="y">BB</subfield>
  </datafield>
  <datafield tag="952" ind1=" " ind2=" ">
    <subfield code="0">0</subfield>
    <subfield code="1">0</subfield>
    <subfield code="2">ddc</subfield>
    <subfield code="4">0</subfield>
    <subfield code="7">0</subfield>
    <subfield code="8">Baccah</subfield>
    <subfield code="a">MAIN</subfield>
    <subfield code="b">MAIN</subfield>
    <subfield code="c">1ST</subfield>
    <subfield code="d">2015-11-29</subfield>
    <subfield code="e">Purchase</subfield>
    <subfield code="l">2</subfield>
    <subfield code="m">2</subfield>
    <subfield code="o">305.42 WOM</subfield>
    <subfield code="p">000031456</subfield>
    <subfield code="r">2025-07-15 00:00:00</subfield>
    <subfield code="s">2017-10-02</subfield>
    <subfield code="y">BB</subfield>
  </datafield>
  <datafield tag="952" ind1=" " ind2=" ">
    <subfield code="0">0</subfield>
    <subfield code="1">0</subfield>
    <subfield code="2">ddc</subfield>
    <subfield code="4">0</subfield>
    <subfield code="7">0</subfield>
    <subfield code="8">Baccah</subfield>
    <subfield code="a">MAIN</subfield>
    <subfield code="b">MAIN</subfield>
    <subfield code="c">1ST</subfield>
    <subfield code="d">2015-11-29</subfield>
    <subfield code="e">Purchase</subfield>
    <subfield code="l">7</subfield>
    <subfield code="m">20</subfield>
    <subfield code="o">305.42 WOM</subfield>
    <subfield code="p">000031457</subfield>
    <subfield code="r">2025-07-15 00:00:00</subfield>
    <subfield code="s">2024-05-22</subfield>
    <subfield code="y">BB</subfield>
  </datafield>
</record>
